| Record ID | ia:buddhistanswerst0000guru |
| Source | Internet Archive |
| Download MARC XML | https://archive.org/download/buddhistanswerst0000guru/buddhistanswerst0000guru_marc.xml |
| Download MARC binary | https://www.archive.org/download/buddhistanswerst0000guru/buddhistanswerst0000guru_meta.mrc |
LEADER: 00851cam a22002534a 4500
001 2004099336
003 DLC
005 20131204074159.0
008 050908s2005 inu b 000 0 eng
010 $a 2004099336
020 $a142081642X (pbk. : alk. paper)
040 $aDLC$cDLC$dDLC
042 $apcc
050 00 $aBQ4570.S6$bG87 2005
082 00 $a294.3/37$222
100 1 $aGuruge, Ananda W. P.,$d1928-
245 10 $aBuddhist answers to current issues:$bstudies in socially engaged humanistic Buddhism /$cby Ananda W.P. Guruge.
260 $aBloomington, Ind. :$bAuthorHouse,$cc2005.
300 $axxvi, 317 p. ;$c23 cm.
504 $aIncludes bibliographical references (p. 309-317).
650 0 $aBuddhism$xSocial aspects.
650 0 $aBuddhism and humanism.
650 0 $aBuddhism and social problems.
650 0 $aBuddhism$xHistory$y21st century.